| 000 | 00558nam a2200145Ia 4500 | ||
|---|---|---|---|
| 008 | 170221s9999 xx 000 0 und d | ||
| 100 | _aAnastasia M. Obmorokova | ||
| 245 | _aSpecific Features of Development of the Russian Modern Art Market: Analysis of Krasnoyarsk Krai | ||
| 245 | _cAnastasia M. Obmorokova, Natalia O. Nemaeva, Gennady E. Karepov | ||
| 260 | _bInternational Review of Management and Marketing | ||
| 260 | _cDecember 2012 | ||
| 300 | _a4:2 | ||
| 650 | _xMarketing. | ||
| 856 | _uhttp://www.econjournals.com/index.php/irmm/issue/view/83 | ||
| 999 |
_c310383 _d310383 |
||